Revista del Museo e Instituto Arqueológico / (Record no. 21865)

000 -CABECERA
fixed length control field 01810nam a22003377a 4500
003 - IDENTIFICADOR DEL NÚMERO DE CONTROL
control field AR-CdUCM
008 - DATOS DE LONGITUD FIJA--INFORMACIÓN GENERAL
fixed length control field 190425b ||||| |||| 00| 0 spa d
040 ## - FUENTE DE LA CATALOGACIÓN
Agencia/entidad que catalogó originalmente la obra MUNICIPALIDAD PROVINCIAL DEL CUSCO
Entidad que transcribió la catalogación BIBLIOTECA MUNICIPAL DEL CUSCO
082 ## - NÚMERO DE LA CLASIFICACIÓN DECIMAL DEWEY
No. de Clasificación Rev.DIMA/N°16-17/1957
110 ## - ENTRADA PRINCIPAL--NOMBRE DE ENTIDAD CORPORATIVA
Nombre de la institución, jurisdicción como entrada principal Instituto y Museo Arqueológico de la Universidad Nacional del Cuzco
9 (RLIN) 46550
245 ## - MENCIÓN DE TÍTULO
Título Revista del Museo e Instituto Arqueológico /
Mención de responsabilidad Luis A. Pardo, director, Universidad Nacional del Cuzco
260 ## - PUBLICACIÓN, DISTRIBUCIÓN, ETC.
Lugar de publicación, distribución, etc. Cusco :
Nombre de la editorial, distribuidor, etc. H.G. Rozas,
Fecha de publicación, distribución, etc. 1957.
300 ## - DESCRIPCIÓN FÍSICA
Nº de Páginas Extensión 114 páginas. :
Otros detalles físicos ilustraciones, 5 planos ;
Dimensiones 21 cm.
440 ## - MENCIÓN DE SERIE/PUNTO DE ACCESO ADICIONAL--TÍTULO
Título Revista del Museo e Instituto Arqueológico.
Número de la parte/sección de una obra Año X, 1957. N°16-17.
9 (RLIN) 46553
505 ## - NOTA DE CONTENIDO CON FORMATO
Nota de contenido formateada Contenido: Los monumentos arqueológicos de Ppisacc. Luis A. Pardo. -- La arqueología del Cuzco como historia cultural. John H. Rowe. -- ¿No será Choquepalta el nombre primitivo de Machu Picchu?. Warren L. Cook. -- Geología de la ciudad incaica de Machupicchu. Carlos Kalafatovich V. -- Del notable terremoto que hubo en la ciudad del Cuzco el año de 1650. Manuel E. Cuadros E. -- El champi según los cronistas. Carlos A. Galimberti Miranda. -- Memorias antiguas historiales y políticas del Perú. Fernando de Montesinos
650 ## - PUNTO DE ACCESO ADICIONAL DE MATERIA--TÉRMINO DE MATERIA
Descriptor Arqueología cusqueña
9 (RLIN) 9322
650 ## - PUNTO DE ACCESO ADICIONAL DE MATERIA--TÉRMINO DE MATERIA
Descriptor Arquitectura Inka
9 (RLIN) 45226
650 ## - PUNTO DE ACCESO ADICIONAL DE MATERIA--TÉRMINO DE MATERIA
Descriptor Inkas
9 (RLIN) 1899
650 ## - PUNTO DE ACCESO ADICIONAL DE MATERIA--TÉRMINO DE MATERIA
Descriptor Historia del Cusco
9 (RLIN) 1714
650 ## - PUNTO DE ACCESO ADICIONAL DE MATERIA--TÉRMINO DE MATERIA
Descriptor Machupicchu
9 (RLIN) 1751
650 ## - PUNTO DE ACCESO ADICIONAL DE MATERIA--TÉRMINO DE MATERIA
Descriptor Santuario Histórico de Machupicchu
9 (RLIN) 16682
650 ## - PUNTO DE ACCESO ADICIONAL DE MATERIA--TÉRMINO DE MATERIA
Descriptor Geología
9 (RLIN) 17044
700 ## - PUNTO DE ACCESO ADICIONAL--NOMBRE DE PERSONA
Nombre Personal Pardo, Luis A
9 (RLIN) 25736
700 ## - PUNTO DE ACCESO ADICIONAL--NOMBRE DE PERSONA
Nombre Personal Rowe, John
9 (RLIN) 46023
700 ## - PUNTO DE ACCESO ADICIONAL--NOMBRE DE PERSONA
Nombre Personal Kalafatovich, Carlos
9 (RLIN) 45994
700 ## - PUNTO DE ACCESO ADICIONAL--NOMBRE DE PERSONA
Nombre Personal Warren, Cook
9 (RLIN) 46554
700 ## - PUNTO DE ACCESO ADICIONAL--NOMBRE DE PERSONA
Nombre Personal Galimberti Miranda, Carlos
9 (RLIN) 46555
710 ## - PUNTO DE ACCESO ADICIONAL--NOMBRE DE ENTIDAD CORPORATIVA
Nombre corporativo (En letras Mayúsculas) Universidad Nacional de San Antonio Abad del Cusco
9 (RLIN) 15942
942 ## - ELEMENTOS DE PUNTO DE ACCESO ADICIONAL (KOHA)
Fuente de clasificación
Tipo de item Revistas cusqueñas
945 ## - PROCESAMIENTO DE INFORMACIÓN LOCAL (OCLC)
Catalogador rac
Holdings
Estado de retiro (separado) Fuente de clasificación o esquema de estanterías Estado dañado Ubicación Sala donde se ubica Nombre de la colección Fecha de adquisición o compra Costo, precio normal en soles Signatura topográfica Código de Barras Última vez visto (Koha) Tipo de ítem (Koha)
No     Sala Hemeroteca Sala Hemeroteca Book Cart 2021-08-31 10.00 Rev.DIMA/N°16-17/1957 REVC000354 2021-08-31 Revistas cusqueñas

Powered by Koha